| 000 | 00388nam a22001217a 4500 | ||
|---|---|---|---|
| 082 | _a200 THE | ||
| 100 |
_aSHOAIB NADEEM _970497 |
||
| 245 | _aTH-SOF-1693-Effect of Magnetomechanical Coating on Beams with Varying Thickness | ||
| 260 |
_aISLAMABAD _bNUST COLLEGE OF EME _c2019 |
||
| 650 |
_aMS-MECH-2015 MSTHESIS _969463 |
||
| 700 |
_aSupervisor Dr. HASAN AFTAB SAEED _969767 |
||
| 942 | _cCF | ||
| 999 |
_c577474 _d577474 |
||